00482 a2200157 4500010001400000020002600014035001300040037001500053082001300068245009100081260004600172270004600218300002700264500001900291700001400310 aENG-88524 c520.00a9788184500059 aEN-72057 bDBAD / PUB14a362.28831 aFarmers suicide in India:cedited by Gyanmudrabdynamics and strategies of prevention/ aNew DelhibDeep & Deep Publicationsc2007 aF-159, Rajouri GardenbNew Delhie110 027 axiv, 170p.c22cm (Hb) aIncludes index aGyanmudra